000 00411nam a2200109Ia 4500
008 171211s9999 xx 000 0 und d
245 _aDie Kraft der Kräuter nutzen. 350 Rezepte und Tipps für Wohlbefinden, Schönheit, Küche, Haus und Garten
245 _cAlice Hönigschmid, Astrid Schönweger, and Irene Hager
260 _c2016
650 _xFITNESS
856 _uhttp://down.ebook777.com/063/3706625628.pdf
999 _c349044
_d349044